000 00326 a2200157 4500
001 57578
020 _a9788508129188
040 _cAnchieta - Pituba
100 _aDante, Luiz Roberto
240 1 0 _aMatemática 3
_lpor
245 1 0 _aMatemática 3
300 _a384
362 0 _a2011
650 4 _aMatemática
942 _cBK
999 _c57578
_d57578